Normal view
MARC view
Entry Personal Name
001 - CONTROL NUMBER
- control field: 12747
003 - CONTROL NUMBER IDENTIFIER
- control field: BD-RjUL
005 - DATE AND TIME OF LATEST TRANSACTION
- control field: 20240428131304.0
008 - FIXED-LENGTH DATA ELEMENTS
- fixed length control field: 240428|| aca||aabn | a|a d
040 ## - CATALOGING SOURCE
- Original cataloging agency: BD-RjUL
- Transcribing agency: BD-RjUL
100 ## - HEADING--PERSONAL NAME
- Personal name: Brinton, Crane,
- Dates associated with a name: 1898-1968
670 ## - SOURCE DATA FOUND
- Source citation: Work cat.: (BD-RjUL)83600: Brinton, Crane, 1898-1968., Tārīk̲h̲-i tahzīb /